Small-scale indigenous chicken raising in baty district, takeo province, (ការចិញ្ចឹមមាន់ស្រុកជាលក្ខណៈគ្រួសារ នៅស្រុកបាទី ខេត្តតាកែវ) (Record no. 1817)

000 -LEADER
fixed length control field 00607nam a22001577a 4500
003 - CONTROL NUMBER IDENTIFIER
control field OSt
005 - DATE AND TIME OF LATEST TRANSACTION
control field 20151003153413.0
008 - FIXED-LENGTH DATA ELEMENTS--GENERAL INFORMATION
fixed length control field 151003b xxu||||| |||| 00| 0 eng d
040 ## - CATALOGING SOURCE
Transcribing agency RUA
082 ## - DEWEY DECIMAL CLASSIFICATION NUMBER
Classification number AVM ITH 1993 B073 Or.1
100 ## - MAIN ENTRY--PERSONAL NAME
9 (RLIN) 1925
Personal name ITH VIRAK
245 ## - TITLE STATEMENT
Title Small-scale indigenous chicken raising in baty district, takeo province, (ការចិញ្ចឹមមាន់ស្រុកជាលក្ខណៈគ្រួសារ នៅស្រុកបាទី ខេត្តតាកែវ)
260 ## - PUBLICATION, DISTRIBUTION, ETC. (IMPRINT)
Place of publication, distribution, etc. phnom penh
Name of publisher, distributor, etc. RUA
Date of publication, distribution, etc. 1993
300 ## - PHYSICAL DESCRIPTION
Extent vii, 36p.
Other physical details ill.
Dimensions 29cm.
942 ## - ADDED ENTRY ELEMENTS (KOHA)
Source of classification or shelving scheme
Koha item type AVM
Holdings
Price effective from Date last seen Permanent Location Not for loan Date acquired Source of classification or shelving scheme Koha item type Lost status Withdrawn status Date last checked out Total Checkouts Shelving location Damaged status Barcode Current Location Full call number
2015-10-032017-10-30Library Block B 2015-10-03 AVM  2017-10-112B073 RUA015006Library Block BAVM ITH 1993 B073 Or.1
2015-10-032015-10-03Library Block B 2015-10-03 AVM    B073 RUA015046Library Block BAVM ITH 1993 B073 Or.2
មជ្ឈមណ្ឌលឯការនៃសាកលវិទ្យាល័យភូមិន្ទកសិកម្មចំការដូង

Powered by Koha